000 01102cam a22002775a 4500
001 L158117
002 19918
008 140625s2014 xxk f 000 0 eng d
020 _a9781783210602
035 _a(Sirsi) u158117
041 0 _aeng
110 _aRoyal Institution of Chartered Surveyors
_94900
245 0 0 _aSecurity
_bRICS guidance note
_electronic resource]
250 _a2nd
260 _aCoventry
_cRICS
_b2014
520 _aEffective from 3 January 2015. Supersedes 1st edition (E153096), ISBN 9781842196649.
520 _aOutlines best practice in the planning and deployment of appropriate and effective security. Looks at development of a security strategy, the planning process, sourcing, security operations and continuous improvement.
590 _aKA
651 4 _aInternational
690 _aFacilities management
_96240
700 1 _aHellawell, Gary
700 1 _aWhyte, Mark
700 1 _aParkinson, David
856 4 0 _uhttps://www.rics.org/Global/Security_2nd_edition_PGguidance_2014.pdf
_zView the item free of charge from the www.rics.org website
942 _n0
999 _c115151
_d115151